Mother's Day Jokes Quiz Stats

 Plays Quiz Updated May 12, 2019

Score 0/19 Timer 05:00
16 Plays Today
% Correct
''I don't know; you'll have to ask Grandma.''
93%
''Every time Mom does, she lets out an awful scream.''
92.4%
The dog's already there.
91.3%
''Call for backup.''
91.1%
''Look, Ma! No hands!''
90.9%
It listens to the motherboard.
90.6%
You're the principal!
89.9%
''We're going to have a BB!''
89.9%
They bought me diapers.
89.3%
Sure! Will you watch the kids?
88.9%
% Correct
The kids have to play inside.
88.8%
hiding from their families.
88.3%
cleaning up after people.
88.3%
After all, I’m the reason she drinks.
88.2%
drive east for 12 hours, and then turn around and come back.
87.9%
help Mom with the dishes.
87.3%
My mom's a good cook.
86.9%
They were still getting in.
85.4%
Keep away from children.
83.6%

You're not logged in!

Compare scores with friends on all Sporcle quizzes.
OR
Log In

Show Comments

Extras

Top Quizzes Today


Score Distribution

Your Account Isn't Verified!

In order to create a playlist on Sporcle, you need to verify the email address you used during registration. Go to your Sporcle Settings to finish the process.

Report this User

Report this user for behavior that violates our Community Guidelines.

Details: